00533nam a2200145Ia 4500100001400000942000700014654002300021245002300044260002800067082001500095546001200110999001700122952012400139952012400263 aHakala D  cBK aModerns made easy aModerns made easy bOsborneaNew Yorkc1995 a621.380413 aENGLISH c33756d33756 001040708CRCaCRCEbCRCEd2023-03-17eglobal booksg535.70l0o621.380413 p7288r2023-03-17v535.70w0000-00-00yBK 001040708CRCaCRCEbCRCEd2023-03-17eglobal booksg535.70l0o621.380413 p7289r2023-03-17v535.70w0000-00-00yBK